| 000 | 00532nam a22001817a 4500 | ||
|---|---|---|---|
| 008 | 131112b xxu||||| |||| 00| 0 ger d | ||
| 020 | _a3854284195 | ||
| 041 | 0 | _ager | |
| 080 | _a338.314 | ||
| 100 | 1 | _aAsprion, Bernward | |
| 245 | 1 | 0 |
_aProduktionsplanung bei kundenauftragsorientierter kleinserienproduktion / _cBernward Asprion |
| 260 |
_aWien : _bService Fachverlag ; _c2000. |
||
| 300 |
_a275 f. : _c24 cm. |
||
| 500 | _aEinleitung : f. 15-16 | ||
| 650 | _aProdhimi | ||
| 650 | _aProduktiviteti industrial | ||
| 942 |
_2udc _cBK |
||
| 999 |
_c278 _d278 |
||